| 000 | 00791nam a22002657a 4500 | ||
|---|---|---|---|
| 008 | 130427b xxu||||| |||| 00| 0 eng d | ||
| 020 | _a0-07-185493-9 | ||
| 024 | _cAvailable | ||
| 037 | _cAvailable | ||
| 040 |
_aMBSTU LIBRARY _dMBSTU LIBRARY |
||
| 082 |
_222 _a621.381 MAI |
||
| 100 | _aMillman , Jacob. | ||
| 110 | _aChristas C. Halkias. | ||
| 245 | _aIntegrated electronics :analog and digital circuit and system | ||
| 260 |
_aTokyo _bMcGraw-Hill _c2005 |
||
| 300 |
_a21 cm. _b911 page _f16 _g21 cm |
||
| 440 | _aElectrical and electronic engineering series | ||
| 600 | _aElectronics. | ||
| 650 | _2Electronics. | ||
| 700 | _aMillman , Jacob... | ||
| 270 |
_aTokyo _bTokyo _dJapan |
||
| 365 |
_b467.00 _d467.00 |
||
| 942 |
_2ddc _cBK |
||
| 999 |
_c240 _d240 |
||